| 000 | 00000nam 2200000zi 4500 |
| 001 | 9.898144 |
| 003 | CaOODSP |
| 005 | 20240717155039 |
| 006 | m o d f |
| 007 | cr |n||||||||| |
| 008 | 210330s1985 oncab|| o f00| 0|eng d |
| 040 | |aCaOODSP|beng|erda|cCaOODSP |
| 043 | |an-cn-nf |
| 086 | 1 |aRE22-121/1985E-PDF |
| 245 | 00|aHave a look at Corner Brook, Newfoundland : |bcommunity profile / |cCorner Brook Economic Development Corporation Limited. |
| 264 | 1|a[Ottawa] : |bRegional Economic Expansion Canada = Expansion économique régionale Canada, |c[1985] |
| 300 | |a1 online resource (40, [3] pages) : |billustrations, maps |
| 336 | |atext|btxt|2rdacontent |
| 337 | |acomputer|bc|2rdamedia |
| 338 | |aonline resource|bcr|2rdacarrier |
| 500 | |aDigitized edition from print [produced by Innovation, Science and Economic Development Canada]. |
| 650 | 0|aCommunity development|zNewfoundland and Labrador|zCorner Brook. |
| 650 | 6|aDéveloppement communautaire|zTerre-Neuve-et-Labrador|zCorner Brook. |
| 651 | 0|aCorner Brook (N.L.)|xEconomic conditions. |
| 651 | 0|aCorner Brook (N.L.)|xDescription and travel. |
| 651 | 6|aCorner Brook (T.-N.-L.)|xConditions économiques. |
| 651 | 6|aCorner Brook (T.-N.-L.)|xDescriptions et voyages. |
| 710 | 1 |aCanada. |bDepartment of Regional Economic Expansion, |eissuing body. |
| 710 | 1 |aCorner Brook Economic Development Corporation, |eauthor,|eissuing body. |
| 856 | 40|qPDF|s4.71 MB|uhttps://publications.gc.ca/collections/collection_2024/isde-ised/re22/RE22-121-1985-eng.pdf |